| 000 | 01399cam a22004094a 4500 | ||
|---|---|---|---|
| 001 | muse84764 | ||
| 003 | MdBmJHUP | ||
| 005 | 20210127151549.0 | ||
| 006 | m o d | ||
| 007 | cr||||||||nn|n | ||
| 008 | 890516s1988 mx o 00 0 spa d | ||
| 010 | _z 89142193 | ||
| 020 | _a9786076286104 | ||
| 020 | _z9681203844 | ||
| 020 | _z9789681203849 | ||
| 035 | _a(OCoLC)1055632085 | ||
| 040 |
_aMdBmJHUP _cMdBmJHUP |
||
| 050 | 0 | 4 |
_aZ7914.T247 _bN33 1988 _aHC79.T4 |
| 100 | 1 | _aNadal Egea, Alejandro. | |
| 245 | 1 | 0 |
_aBibliografía sobre el análisis económico del cambio técnico _cAlejandro Nadal Egea ; Carlos Salas Páez. |
| 250 | _a1a ed. | ||
| 264 | 1 | _bColegio de Mexico, | |
| 264 | 3 | _bProject MUSE, | |
| 300 | _a1 online resource (221 p.) | ||
| 506 | 0 |
_aOpen Access _fUnrestricted online access _2star |
|
| 588 | _aDescription based on print version record. | ||
| 650 | 0 |
_aTechnological innovations _xEconomic aspects _xBibliography. |
|
| 655 | 7 |
_aElectronic books. _2local |
|
| 700 | 1 | _aSalas Páez, Carlos. | |
| 710 | 2 |
_aProject Muse. _edistributor |
|
| 830 | 0 | _aBook collections on Project MUSE. | |
| 856 | 4 | 0 |
_zFull text available: _uhttps://muse.jhu.edu/book/74429/ |
| 999 |
_c26225 _d26225 |
||